Blackpink In Every Era - Statistics

General Stats
  • This quiz has been taken 133 times
    44 since last reset
  • The average score is 12 of 13
Answer Stats
Picture Answer % Correct
JUMP
100%
Kill This Love
100%
As If It's Your Last
97%
Ice Cream
94%
Shut Down
94%
How You Like That
91%
Lovesick Girls
91%
Stay
91%
Ddu-Du Ddu-Du
89%
Pink Venom
89%
Playing With Fire
89%
Boombayah
86%
Whistle
86%
No matching quizzes found
Score Distribution
Percent of People with Each Score
Percentile by Number Answered
Your Score History
You have not taken this quiz since the last reset